000 00884njm a2200313 a 4500
001 5722836
005 20260513045443.0
007 sdubumennmpluu
008 870928s1987 caurcn d eng d
010 _a 94764319
028 0 2 _aMCA-5993
_bMCA/Curb Records
033 _b4364
_cM26
033 _b4364
_cL8
035 _a5722836
035 _a(OCoLC)16769914
040 _cIRDP
042 _alccopycat
050 0 0 _aMCA/Curb Records MCA-5993
082 _2320.973 MOO
110 2 _aBeat Farmers (Musical group)
_4prf
245 1 4 _aThe pursuit of happiness
_h[sound recording] /
_cBeat Farmers.
260 _aNEW YORK
_bMACMILLAN PUBLISHING CO.,INC.
_c1978
300 _a356 p.
_c21
306 _a003900
906 _a7
_bcbc
_ccopycat
_d3
_encip
_f19
_gy-genmusic
942 _2ddc
_cBOOKS
999 _c9810
_d9810